Chile y Bolivia: limitaciones y obstáculos que inciden en la relación bilateral, 1975-1990
Enregistré dans:
| Auteur principal: | |
|---|---|
| Format: | Livre |
| Langue: | espagnol |
| Publié: |
Valparaíso
Peña Andina
2007
|
| Sujets: | |
| Tags: |
Ajouter un tag
Pas de tags, Soyez le premier à ajouter un tag!
|
MARC
| LEADER | 00000nam a2200000 a 4500 | ||
|---|---|---|---|
| 001 | UCI0460 | ||
| 003 | CL-VaPUC | ||
| 008 | 070511e20070000CL |||||||||||||||||spa|d | ||
| 020 | |a 9789563105254 | ||
| 082 | 0 | 4 | |a 327.83085 |b ROJ |2 21 |
| 100 | 0 | |a Rojas Vásquez, Victor Hernán |e author |9 520597 | |
| 245 | 1 | 0 | |a Chile y Bolivia: limitaciones y obstáculos que inciden en la relación bilateral, 1975-1990 |
| 300 | |a 98 p | ||
| 942 | |c BK | ||
| 945 | |d 20070511 00:00:00 |a jtorresc | ||
| 260 | |a Valparaíso |b Peña Andina |c 2007 | ||
| 650 | 0 | |a Relaciones Internacionales |9 255740 | |
| 650 | 0 | |a Conflicto internacional |9 341259 | |
| 650 | 0 | |a Tratados internacionales |9 256056 | |
| 651 | 7 | |a CHILE |2 CL-VaPUC |9 520598 | |
| 651 | 0 | |a Bolivia |9 255454 | |
| 583 | |a last modification |c 20180430 04:48:22 |k Rodrigo Vera | ||
| 999 | |c 325613 |d 325611 | ||
| 952 | |0 0 |1 0 |4 0 |6 327_830850000000000_ROJ_2007 |7 0 |8 A |9 406655 |a BIBDER |b BIBDER |d 2019-11-22 |i 4338421 |o 327.83085 ROJ 2007 |p 4338421 |r 2023-01-25 |w 2019-11-22 |y BK |k DER | ||
| 952 | |0 0 |1 0 |4 0 |6 327_830850000000000_ROJ_2007 |7 0 |8 A |9 406656 |a BIBHIS |b BIBHIS |d 2019-11-22 |i 4364163 |o 327.83085 ROJ 2007 |p 4364163 |r 2025-01-20 |w 2019-11-22 |y BK |k HIS | ||